00318nam a2200121 a 450000500170000000800410001702000180005805000170007610000160009324500370010926000320014630000180017820140414132028.0040128s19uu xx 00 eng d a0-439-08207-2 aTRbL71 1999 aWest, Tracy aLiz takes flight /cTracey West. aU.S.A :bScholastic,c1999. a24 p. ; cm.